|
|
|
|
| LEADER |
00848nam a22002172a 4500 |
| 001 |
001152325 |
| 003 |
CZ BrMZK |
| 005 |
20110919104218.0 |
| 007 |
ta |
| 008 |
110603s1978 gw er|||||||||||ger d |
| 040 |
|
|
|a BOA001
|b cze
|
| 100 |
1 |
|
|a Wohlad, Johann
|4 dis
|
| 245 |
1 |
0 |
|a Vergleich von Nüchtern und nach dem Frühstück bestimmten Blutserumwerten bei Patienten mit Herz-, Leber-, Nieren- und Malignomerkrankungen und Normalpersonen /
|c Johann Wohlad
|
| 260 |
|
|
|a Würzburg :
|b J. Wohlad,
|c 1978
|
| 300 |
|
|
|a 104, 10 s.
|
| 502 |
|
|
|a Disertace--Bayerische Julius-Maximilians-Universität Würzburg, 1978
|
| 710 |
2 |
|
|a Bayerische Julius-Maximilians-Universität Würzburg
|7 xx0121109
|
| 910 |
|
|
|a BOA001
|b 2-0821.904
|
| 990 |
|
|
|a BK
|
| 991 |
|
|
|b 201105
|
| 996 |
7 |
|
|b 2619418297
|c 2-0821.904
|l MZK
|r Sklad / do 1 hodiny
|n 0
|w 001185304
|u 000010
|a 1
|e BOA001
|j MZK50
|s A
|